00762nam a22002177a 4500999001900000005001700019010001300036020002600049035001300075037001300088037000900101082000800110245007600118250001200194260003600206270007300242300003200315500001900347942002200366952015600388 c181052d18105220210827111848.0 aB-741357 a9788123923345c531.00 aB-741357 bDBAD/PUB bGift a618 aGhai essential pediatrics /cedited by Vinod K Paul [and] Arvind Bagga  a8th ed. aNew DelhibCBS Publishersc2017 a4819/XI Prahlad Street, 24 Ansari Road, DaryaganjbNew Delhie110002 axvi, 783p.:c27cm(Hb)bill. aincludes index 2ddccENmGHAh618 001040708NFICaLbLd2021-08-27eGift/Eng/18-08-2021g531.00l2o618 GHApB-741357r2022-09-14 00:00:00s2022-09-05t1v531.00w2021-08-27yENzGift